| 000 | 00673nam a2200217Ia 4500 | ||
|---|---|---|---|
| 003 | OSt | ||
| 005 | 20220924113235.0 | ||
| 006 | a|||||r|||| 00| 0 | ||
| 007 | ta | ||
| 008 | 220923b |||||||| |||| 00| 0 hin d | ||
| 024 | _a216484 | ||
| 037 | _cDictionary | ||
| 040 |
_aARTS _cARTS _bhin |
||
| 041 |
_2hin _ahin |
||
| 082 | _aP111:4k, 152L0 | ||
| 245 | 0 | _aभारत,सूचना और प्रसारण मंत्रालय आकाशवाणी समाचार विभाग | |
| 260 | _c1970 | ||
| 490 | _aआकाशवाणी शब्दकोश | ||
| 942 |
_hP111:4k, 152L0 _cdic _2cc |
||
| 999 |
_c389697 _d389697 |
||